Die Neuordnung des bundesstaatlichen Finanzausgleichs : Massstäbegesetz und Solidarpaktfortführungsgesetz /

Saved in:
நூற்பட்டியல் விவரங்கள்
குழும எழுத்தாளர்கள்: Germany. Bundesministerium der Finanzen., Germany. Bundesministerium der Finanzen. Referat Presse und Information.
வடிவம்: புத்தகம்
மொழி:German
வெளியீடப்பட்டது: Berlin : Bundesministerium der Finanzen, 2003.
தொகுதி:Schriftenreihe des Bundesministeriums der Finanzen ; Heft 73.
பகுதிகள்:
குறியீடுகள்: குறிச்சொல் இணை
குறியீடுகள் இல்லை, இந்த குறிச்சொல்லை முதலில் பதிவு செய்யுங்கள்!
LEADER 01487cam a2200313Ia 4500
001 009136282-2
005 20050323120301.0
008 030530s2003 gw a o000 0 ger d
020 |a 3083700733 (corrected : pbk.) 
035 0 |a ocm52348625 
040 |a OHX  |c OHX  |d OCLCQ  |d GZM  |d OCLCQ 
043 |a e-gx--- 
050 0 0 |a KK7088  |b .A28 2003 
072 7 |a HJ  |2 lcco 
072 7 |a JN  |2 lcco 
090 |a HJ1121  |b .N48 2003 
245 0 4 |a Die Neuordnung des bundesstaatlichen Finanzausgleichs :  |b Massstäbegesetz und Solidarpaktfortführungsgesetz /  |c [Herausgeber, Bundesministerium der Finanzen, Referat Presse und Information ; Redaktion, Bundesministerium der Finanzen, Abteilung für Finanzbeziehungen zu Ländern und Gemeinden]. 
260 |a Berlin :  |b Bundesministerium der Finanzen,  |c 2003. 
300 |a 444 p. :  |b col. ill. ;  |c 30 cm. 
490 1 |a Schriftenreihe / Bundesministerium der Finanzen ;  |v Bd. 73 
500 |a Government publication. 
650 0 |a Intergovernmental fiscal relations  |z Germany. 
650 0 |a Revenue sharing  |x Law and legislation  |z Germany. 
710 1 |a Germany.  |b Bundesministerium der Finanzen. 
710 1 |a Germany.  |b Bundesministerium der Finanzen.  |b Referat Presse und Information. 
776 0 8 |i Online version:  |a Germany.  |t Neuordnung des bundesstaatlichen Finanzausgleichs.  |d Berlin : Bundesministerium der Finanzen, [2003]  |w (OCoLC)880403092 
830 0 |a Schriftenreihe des Bundesministeriums der Finanzen ;  |v Heft 73. 
988 |a 20030703 
906 |0 OCLC